[Event "Schachfestival Open-A 2018"]
[Site "Lueneburg"]
[Date "2018.07.11"]
[Round "7"]
[White "Wobbe, Sven"]
[Black "Colpe, Malte"]
[Result "0-1"]
[WhiteElo "2049"]
[BlackElo "2382"]
[Annotator "NA"]
[PlyCount "90"]
[EventDate "2018.07.06"]
[EventType "swiss"]
[EventCountry "GER"]
[SourceTitle "playchess.com"]
[Source "ChessBase"]
[SourceQuality "1"]
[TimeControl "40/5400+30:1800+30"]

1. e4 {[%emt 0:00:00]} e5 {[%emt 0:00:00]} 2. Nf3 {[%emt 0:00:00]} Nc6 {[%emt 0:00:00]} 3. Bb5 {[%emt 0:00:35]} a6 {[%emt 0:00:00]} 4. Ba4 {[%emt 0:00:23]} Nf6 {[%emt 0:00:03]} 5. O-O {[%emt 0:01:26]} Be7 {[%emt 0:00:09]} 6. Re1 {[%emt 0:00:19]} b5 {[%emt 0:00:07]} 7. Bb3 {[%emt 0:00:05]} d6 {[%emt 0:00:06]} 8. c3 {[%emt 0:00:57]} O-O {[%emt 0:02:17]} 9. h3 {[%emt 0:01:07]} Nb8 {[%emt 0:00:27]} 10. d4 {[%emt 0:01:31]} Nbd7 {[%emt 0:00:10]} 11. Nbd2 {[%emt 0:00:45]} Bb7 {[%emt 0:00:10]} 12. Bc2 {[%emt 0:00:39]} Re8 {[%emt 0:00:20]} 13. Nf1 {[%emt 0:00:50]} Bf8 {[%emt 0:00:08]} 14. Ng3 {[%emt 0:00:30]} g6 {[%emt 0:00:07]} 15. Bg5 {[%emt 0:01:50]} h6 {[%emt 0:01:26]} 16. Bd2 {[%emt 0:16:11]} Bg7 {[%emt 0:01:29]} 17. b3 {[%emt 0:02:09]} Nb6 {[%emt 0:13:22]} 18. dxe5 {[%emt 0:06:14]} dxe5 {[%emt 0:00:38]} 19. Qe2 {[%emt 0:00:55]} Qe7 {[%emt 0:02:44]} 20. a3 {[%emt 0:14:20]} Nfd7 {[%emt 0:03:25]} 21. c4 {[%emt 0:03:38]} bxc4 {[%emt 0:02:58]} 22. bxc4 {[%emt 0:00:09]} a5 {[%emt 0:02:33]} 23. Be3 {[%emt 0:08:33]} Ba6 {[%emt 0:01:37]} 24. Nd2 {[%emt 0:01:06]} Nc5 {[%emt 0:01:51]} 25. Bxc5 {[%emt 0:08:54]} Qxc5 {[%emt 0:00:07]} 26. Qe3 {[%emt 0:01:04]} Qxe3 {[%emt 0:03:28]} 27. Rxe3 {[%emt 0:00:12]} Red8 {[%emt 0:03:24]} 28. Ngf1 {[%emt 0:01:39]} Bf8 {[%emt 0:02:52]} 29. Bd3 {[%emt 0:09:50]} Rd7 {[%emt 0:04:15]} 30. Be2 {[%emt 0:01:11]} a4 {[%emt 0:03:35]} 31. Rc3 {[%emt 0:02:09]} Bc5 {[%emt 0:02:23]} 32. Ra2 {[%emt 0:01:16]} Rad8 {[%emt 0:04:30]} 33. g3 {[%emt 0:01:24]} f6 {[%emt 0:01:35]} 34. h4 {[%emt 0:00:52]} h5 {[%emt 0:00:19]} 35. Kg2 {[%emt 0:01:13]} Rd4 {[%emt 0:03:54]} 36. Nf3 {[%emt 0:03:06]} Rxe4 {[%emt 0:00:41]} 37. Bd3 {[%emt 0:02:01]} Rg4 {[%emt 0:01:09]} 38. N3h2 {[%emt 0:00:48]} Rgd4 {[%emt 0:06:56]} 39. Bxg6 {[%emt 0:00:36]} Bxc4 {[%emt 0:01:42]} 40. Rac2 {[%emt 0:00:45]} Bd6 {[%emt 0:05:00]} 41. Bxh5 {[%emt 0:30:58]} Bb3 {[%emt 0:31:23]} 42. Rd2 {[%emt 0:06:09]} Nc4 {[%emt 0:05:20]} 43. Rxd4 {[%emt 0:00:00]} exd4 {[%emt 0:00:00]} 44. Rd3 {[%emt 0:00:00]} Bxa3 {[%emt 0:00:00]} 45. Nf3 {[%emt 0:00:00]} c5 {[%emt 0:00:00]} 0-1

[Event "Schachfestival Open-A 2018"]
[Site "Lueneburg"]
[Date "2018.07.11"]
[Round "7"]
[White "Harringer, Manfred"]
[Black "Sriram, Jha"]
[Result "0-1"]
[WhiteElo "1998"]
[BlackElo "2409"]
[Annotator "NA"]
[PlyCount "52"]
[EventDate "2018.07.06"]
[EventType "swiss"]
[EventCountry "GER"]
[SourceTitle "playchess.com"]
[Source "ChessBase"]
[SourceQuality "1"]
[TimeControl "40/5400+30:1800+30"]

1. e4 {[%emt 0:00:00]} c5 {[%emt 0:04:45]} 2. Nf3 {[%emt 0:00:00]} g6 {[%emt 0:01:50]} 3. c3 {[%emt 0:01:42]} Bg7 {[%emt 0:00:46]} 4. d3 {[%emt 0:02:15]} d5 {[%emt 0:02:58]} 5. Nbd2 {[%emt 0:03:28]} Nf6 {[%emt 0:03:24]} 6. g3 {[%emt 0:03:35]} Nc6 {[%emt 0:02:23]} 7. Bg2 {[%emt 0:00:32]} dxe4 {[%emt 0:02:23]} 8. dxe4 {[%emt 0:01:04]} Qd3 {[%emt 0:00:11]} 9. Qe2 {[%emt 0:03:54]} Qxe2+ {[%emt 0:03:12]} 10. Kxe2 {[%emt 0:00:26]} b6 {[%emt 0:00:32]} 11. h3 {[%emt 0:15:58]} Ba6+ {[%emt 0:00:26]} 12. Ke1 {[%emt 0:02:51]} Rd8 {[%emt 0:13:30]} 13. Nh4 {[%emt 0:05:35]} Ne5 {[%emt 0:00:31]} 14. Bf1 {[%emt 0:01:47]} Nd3+ {[%emt 0:05:22]} 15. Bxd3 {[%emt 0:00:19]} Rxd3 {[%emt 0:00:39]} 16. Ng2 {[%emt 0:07:47]} O-O {[%emt 0:09:57]} 17. Nf4 {[%emt 0:01:30]} Rdd8 {[%emt 0:06:15]} 18. f3 {[%emt 0:06:38]} e5 {[%emt 0:04:41]} 19. Ng2 {[%emt 0:01:49]} Nh5 {[%emt 0:00:56]} 20. g4 {[%emt 0:06:30]} Ng3 {[%emt 0:00:26]} 21. Rh2 {[%emt 0:02:09]} Ne2 {[%emt 0:09:00]} 22. Nb3 {[%emt 0:09:32]} Nxc1 {[%emt 0:01:54]} 23. Rxc1 {[%emt 0:07:35]} Bh6 {[%emt 0:00:32]} 24. Rd1 {[%emt 0:01:49]} Rxd1+ {[%emt 0:01:29]} 25. Kxd1 {[%emt 0:00:07]} Rd8+ {[%emt 0:00:23]} 26. Ke1 {[%emt 0:00:07]} c4 {[%emt 0:00:38]} 0-1

[Event "Schachfestival Open-A 2018"]
[Site "Lueneburg"]
[Date "2018.07.11"]
[Round "7"]
[White "von Estorff, Jacob"]
[Black "Hess, Christian Mathias"]
[Result "1-0"]
[WhiteElo "1838"]
[BlackElo "2243"]
[Annotator "NA"]
[PlyCount "117"]
[EventDate "2018.07.06"]
[EventType "swiss"]
[EventCountry "GER"]
[SourceTitle "playchess.com"]
[Source "ChessBase"]
[SourceQuality "1"]
[TimeControl "40/5400+30:1800+30"]

1. e4 {[%emt 0:00:00]} c6 {[%emt 0:00:00]} 2. d4 {[%emt 0:00:00]} d5 {[%emt 0:00:00]} 3. e5 {[%emt 0:00:22]} Bf5 {[%emt 0:00:40]} 4. Nc3 {[%emt 0:01:19]} e6 {[%emt 0:01:37]} 5. g4 {[%emt 0:00:27]} Bg6 {[%emt 0:00:34]} 6. Nge2 {[%emt 0:01:11]} c5 {[%emt 0:00:44]} 7. h4 {[%emt 0:04:42]} h5 {[%emt 0:01:20]} 8. Nf4 {[%emt 0:01:47]} Bh7 {[%emt 0:00:28]} 9. Nxh5 {[%emt 0:06:17]} Nc6 {[%emt 0:03:00]} 10. Be3 {[%emt 0:03:10]} Bxc2 {[%emt 0:17:59]} 11. Qxc2 {[%emt 0:22:57]} cxd4 {[%emt 0:00:35]} 12. O-O-O {[%emt 0:11:33]} dxe3 {[%emt 0:11:30]} 13. fxe3 {[%emt 0:04:02]} Qc7 {[%emt 0:10:31]} 14. e4 {[%emt 0:03:10]} d4 {[%emt 0:02:31]} 15. Nb5 {[%emt 0:01:57]} Qxe5 {[%emt 0:00:11]} 16. Nxd4 {[%emt 0:01:18]} Nxd4 {[%emt 0:21:33]} 17. Rxd4 {[%emt 0:00:44]} a6 {[%emt 0:05:17]} 18. Bxa6 {[%emt 0:10:57]} Ne7 {[%emt 0:05:32]} 19. Bxb7 {[%emt 0:13:31]} Qxd4 {[%emt 0:00:27]} 20. Bxa8 {[%emt 0:01:33]} Qa7 {[%emt 0:03:54]} 21. Bc6+ {[%emt 0:01:22]} Nxc6 {[%emt 0:00:20]} 22. Qxc6+ {[%emt 0:00:04]} Qd7 {[%emt 0:00:24]} 23. Qa8+ {[%emt 0:01:30]} Qd8 {[%emt 0:00:19]} 24. Qxd8+ {[%emt 0:01:01]} Kxd8 {[%emt 0:00:02]} 25. Ng3 {[%emt 0:01:19]} Be7 {[%emt 0:01:15]} 26. h5 {[%emt 0:00:06]} Bg5+ {[%emt 0:00:13]} 27. Kc2 {[%emt 0:00:06]} Ke7 {[%emt 0:00:47]} 28. Ne2 {[%emt 0:00:41]} Kd6 {[%emt 0:07:23]} 29. Rf1 {[%emt 0:01:14]} Rc8+ {[%emt 0:00:28]} 30. Nc3 {[%emt 0:00:06]} Rc7 {[%emt 0:00:05]} 31. a4 {[%emt 0:00:32]} Kc5 {[%emt 0:01:03]} 32. Rd1 {[%emt 0:01:12]} Bf6 {[%emt 0:00:28]} 33. Kb3 {[%emt 0:02:20]} Be5 {[%emt 0:03:19]} 34. Nb5 {[%emt 0:03:08]} Rb7 {[%emt 0:00:09]} 35. Rc1+ {[%emt 0:00:42]} Kb6 {[%emt 0:00:02]} 36. Kb4 {[%emt 0:00:36]} Rb8 {[%emt 0:01:30]} 37. a5+ {[%emt 0:00:38]} Kb7 {[%emt 0:00:21]} 38. b3 {[%emt 0:00:40]} Bg3 {[%emt 0:01:05]} 39. Ka4 {[%emt 0:00:24]} Rd8 {[%emt 0:00:26]} 40. Rf1 {[%emt 0:00:47]} Rd7 {[%emt 0:00:43]} 41. g5 {[%emt 0:01:32]} Be5 {[%emt 0:02:04]} 42. Na3 {[%emt 0:02:20]} Rd4+ {[%emt 0:02:14]} 43. Nc4 {[%emt 0:00:07]} Rxe4 {[%emt 0:00:48]} 44. Rxf7+ {[%emt 0:00:06]} Ka6 {[%emt 0:00:13]} 45. h6 {[%emt 0:00:57]} gxh6 {[%emt 0:00:12]} 46. gxh6 {[%emt 0:00:05]} Bc3 {[%emt 0:00:41]} 47. Rf3 {[%emt 0:01:35]} Bxa5 {[%emt 0:05:57]} 48. Rh3 {[%emt 0:00:52]} Bc3 {[%emt 0:04:17]} 49. Rxc3 {[%emt 0:00:18]} Rh4 {[%emt 0:00:04]} 50. b4 {[%emt 0:00:53]} Rxh6 {[%emt 0:00:24]} 51. b5+ {[%emt 0:00:39]} Ka7 {[%emt 0:00:32]} 52. Ka5 {[%emt 0:00:49]} Rh5 {[%emt 0:01:29]} 53. Re3 {[%emt 0:00:33]} Rh1 {[%emt 0:01:08]} 54. Rxe6 {[%emt 0:00:14]} Ra1+ {[%emt 0:00:35]} 55. Kb4 {[%emt 0:00:05]} Kb7 {[%emt 0:00:28]} 56. Re7+ {[%emt 0:00:08]} Kb8 {[%emt 0:00:11]} 57. Kc5 {[%emt 0:00:03]} Rh1 {[%emt 0:00:33]} 58. Kc6 {[%emt 0:01:49]} Rh8 {[%emt 0:01:01]} 59. Nd6 {[%emt 0:00:43]} 1-0

[Event "Schachfestival Open-A 2018"]
[Site "Lueneburg"]
[Date "2018.07.11"]
[Round "7"]
[White "De La Torre Fajardo, Felix"]
[Black "Herrmann, Andreas"]
[Result "0-1"]
[WhiteElo "1534"]
[BlackElo "2171"]
[Annotator "NA"]
[PlyCount "68"]
[EventDate "2018.07.06"]
[EventType "swiss"]
[EventCountry "GER"]
[SourceTitle "playchess.com"]
[Source "ChessBase"]
[SourceQuality "1"]
[TimeControl "40/5400+30:1800+30"]

1. e4 {[%emt 0:00:00]} c5 {[%emt 0:00:00]} 2. Nc3 {[%emt 0:00:00]} Nc6 {[%emt 0:00:26]} 3. Bb5 {[%emt 0:00:00]} Na5 {[%emt 0:00:05]} 4. f4 {[%emt 0:06:30]} a6 {[%emt 0:00:07]} 5. Be2 {[%emt 0:00:14]} e6 {[%emt 0:00:38]} 6. Bf3 {[%emt 0:07:54]} Qc7 {[%emt 0:00:19]} 7. Nge2 {[%emt 0:01:10]} d6 {[%emt 0:00:13]} 8. O-O {[%emt 0:05:45]} Nf6 {[%emt 0:00:07]} 9. b3 {[%emt 0:05:54]} Be7 {[%emt 0:00:15]} 10. Bb2 {[%emt 0:01:04]} O-O {[%emt 0:00:19]} 11. Qe1 {[%emt 0:03:55]} Nc6 {[%emt 0:04:21]} 12. Qg3 {[%emt 0:03:56]} Rd8 {[%emt 0:06:58]} 13. Rad1 {[%emt 0:04:38]} Rb8 {[%emt 0:01:18]} 14. Kh1 {[%emt 0:06:29]} b5 {[%emt 0:00:13]} 15. e5 {[%emt 0:03:52]} Ne8 {[%emt 0:00:15]} 16. exd6 {[%emt 0:04:23]} Bxd6 {[%emt 0:02:44]} 17. Ne4 {[%emt 0:02:00]} Be7 {[%emt 0:00:21]} 18. Nc1 Nd4 {[%emt 0:00:29]} 19. Nd3 {[%emt 0:09:04]} Bb7 {[%emt 0:01:41]} 20. Ne5 {[%emt 0:07:29]} Nf5 {[%emt 0:02:20]} 21. Qh3 {[%emt 0:01:52]} Nd4 {[%emt 0:10:19]} 22. Nxf7 {[%emt 0:06:10]} Bxe4 {[%emt 0:06:24]} 23. Nxd8 {[%emt 0:01:48]} Bxf3 {[%emt 0:02:44]} 24. Bxd4 {[%emt 0:00:37]} Rxd8 {[%emt 0:00:25]} 25. Qxe6+ {[%emt 0:01:20]} Kh8 {[%emt 0:00:09]} 26. Be5 {[%emt 0:00:23]} Bxg2+ {[%emt 0:04:58]} 27. Kxg2 {[%emt 0:00:01]} Qb7+ {[%emt 0:00:09]} 28. Kg3 {[%emt 0:02:35]} Nf6 {[%emt 0:00:17]} 29. Rde1 {[%emt 0:02:58]} Rxd2 {[%emt 0:02:54]} 30. Rf2 {[%emt 0:01:29]} Nh5+ {[%emt 0:00:17]} 31. Kh3 {[%emt 0:08:28]} Rxf2 {[%emt 0:00:12]} 32. Rg1 {[%emt 0:01:39]} Nxf4+ {[%emt 0:02:32]} 33. Bxf4 {[%emt 0:00:31]} Rxf4 {[%emt 0:00:07]} 34. Qe5 {[%emt 0:01:55]} Qf3+ {[%emt 0:00:13]} 0-1

[Event "Schachfestival Open-A 2018"]
[Site "Lueneburg"]
[Date "2018.07.12"]
[Round "8"]
[White "Vorobiov, Evgeny E"]
[Black "Sriram, Jha"]
[Result "1-0"]
[WhiteElo "2564"]
[BlackElo "2409"]
[Annotator "TA"]
[PlyCount "137"]
[EventDate "2018.07.06"]
[EventType "swiss"]
[EventCountry "GER"]
[SourceTitle "playchess.com"]
[Source "ChessBase"]
[SourceQuality "1"]

{[%evp 25,137,34,35,41,46,43,46,41,43,41,40,39,41,40,46,40,41,42,52,38,36,42,45,35,45,22,20,20,30,16,34,35,37,20,26,31,54,54,56,48,56,48,48,48,48,48,48,48,48,48,68,67,72,72,83,48,281,110,87,95,233,93,95,95,118,0,48,0,0,0,89,48,329,300,306,302,440,415,527,518,464,456,581,230,595,587,700,710,729,727,773,772,709,667,649,609,794,776,795,787,780,779,745,750,684,667,1399,1485,1141,1428,1364,1356,29979,29980]} 1. d4 d5 2. c4 c6 3. e3 Nf6 4. Nc3 a6 5. Nf3 e6 6. b3 Bb4 7. Bd2 Nbd7 8. Bd3 O-O 9. O-O {D45: Semi-Slav: 5 e3} Bd6 (9... Qe7 10. Bc2 Rd8 11. a3 Bxa3 12. Rxa3 Qxa3 13. c5 b6 14. b4 Ne4 15. Nxe4 dxe4 16. Bxe4 Rb8 17. Bxh7+ Kxh7 {1-0 (35) Aronian,L (2793)-Carlsen,M (2832) Stavanger 2017 CBM 179 [Aronian,L]}) 10. Rc1 e5 11. cxd5 cxd5 12. dxe5 Nxe5 13. Nxe5 Bxe5 {LiveBook: 16 Games} 14. Ne2 Be6 15. Bc3 Qd6 16. h3 Bxc3 17. Rxc3 Rac8 $146 18. Qc2 Rxc3 19. Qxc3 Rc8 20. Qb2 h6 21. Rc1 Qd8 22. Nd4 (22. Rxc8 {feels hotter.} Qxc8 23. Qd4 Nd7 24. b4 Nb8 25. f4) 22... Rxc1+ 23. Qxc1 Qc8 24. Qxc8+ (24. Qd2 {is more complex.} Ne4 25. Qa5 Qc3 26. Qxc3 Nxc3 27. a3) 24... Bxc8 $14 {[%mdl 4096] Endgame KBN-KBN} 25. b4 Kf8 26. Kf1 Ke7 27. Ke2 g6 28. f3 Bd7 29. g4 {[%cal Bg2g4,Bg4g5][%mdl 32]} Kd6 30. h4 h5 31. g5 Ng8 32. Kd2 Ne7 33. Kc3 Ba4 34. f4 Bd7 35. Kb3 Bc8 36. a3 {[%cal Ba2a3,Ba3a4,Ba4a5][%mdl 32]} Bd7 37. a4 Bc8 38. a5 Bf5 39. Bf1 ({Much worse is} 39. Nxf5+ Nxf5 40. Bxf5 gxf5 $11) 39... Bd7 40. Kc3 Bc8 $2 (40... Kc7 $1 $14) 41. Bd3 $2 (41. b5 $18 {is the precise move to win.}) 41... Bd7 $16 42. Bc2 Bc8 (42... Kc7 $16) 43. Ba4 (43. b5 $1 $18 {and the rest is easy.}) 43... Bd7 44. Bb3 Bf5 45. Bd1 (45. b5 $1 $16) 45... Bd7 46. Be2 Bg4 {Hoping for ...Bxe2.} 47. Bf1 Bd7 (47... Bc8 $1 $11 {keeps the balance.}) 48. Bd3 Bc8 $2 {[%mdl 8192] [#]} (48... Kc7 $1 $14) 49. b5 $1 $18 axb5 {[#]} 50. Kb4 $1 (50. Bxb5 Nc6 $11) ({Worse is} 50. Nxb5+ Kc5 $11) 50... Bd7 (50... Bh3 {might work better.} 51. Nxb5+ (51. Kxb5 Kc7 $16) 51... Kc6) 51. Nxb5+ Kc6 52. e4 Bg4 53. e5 Bd7 54. Nd4+ Kc7 55. Kc5 Be6 56. Bc2 Bd7 57. Bb3 Be6 58. Ba2 Kd7 59. Kb6 Kc8 60. Bb3 Kb8 61. Ba4 Nc8+ 62. Kc5 Kc7 63. Nb5+ Kb8 64. Nd6 Ne7 65. Be8 Kc7 66. Bxf7 Bxf7 67. Nxf7 Nf5 68. Nd6 Nxh4 69. e6 {Precision: White = 71%, Black = 41%.} 1-0

[Event "Schachfestival Open-A 2018"]
[Site "Lueneburg"]
[Date "2018.07.12"]
[Round "8"]
[White "Sebastian, Dirk"]
[Black "Colpe, Malte"]
[Result "1/2-1/2"]
[WhiteElo "2447"]
[BlackElo "2382"]
[Annotator "TA"]
[PlyCount "41"]
[EventDate "2018.07.06"]
[EventType "swiss"]
[EventCountry "GER"]
[SourceTitle "playchess.com"]
[Source "ChessBase"]
[SourceQuality "1"]

{[%evp 20,21,6,8]} 1. e4 e5 2. Nf3 Nf6 3. Nc3 Nc6 4. d4 exd4 5. Nxd4 Bb4 6. Nxc6 bxc6 7. Bd3 d5 8. exd5 cxd5 9. O-O O-O 10. Bg5 c6 11. Qf3 ({Don't play} 11. Bxf6 Qxf6 12. Ne2 Bd6 $17) {Predecessor:} 11... Bd6 $146 12. Rae1 Rb8 13. Nd1 h6 14. Bxf6 Qxf6 15. Qxf6 gxf6 16. b3 Be6 17. Ne3 Bb4 18. Rd1 Rfe8 19. Nf5 Bxf5 20. Bxf5 Re5 21. f4 {½-½ (30) Wei,Y (2734)-Yu,Y (2759) Hangzhou 2018} 1/2-1/2

[Event "Schachfestival Open-A 2018"]
[Site "Lueneburg"]
[Date "2018.07.12"]
[Round "8"]
[White "Genov, Petar"]
[Black "Mirzoev, Azer"]
[Result "1/2-1/2"]
[WhiteElo "2435"]
[BlackElo "2506"]
[Annotator "TA"]
[PlyCount "24"]
[EventDate "2018.07.06"]
[EventType "swiss"]
[EventCountry "GER"]
[SourceTitle "playchess.com"]
[Source "ChessBase"]
[SourceQuality "1"]

{[%evp 17,24,28,54,27,41,-10,-6,-10,13]} 1. Nf3 Nf6 2. c4 c5 3. g3 Nc6 4. Bg2 d6 5. O-O g6 6. b3 Bg7 7. Bb2 O-O 8. Nc3 Bd7 9. e3 Qc8 {LiveBook: 4 Games. A38: Symmetrical English vs ...g6: 4 Bg2 Bg7 5 Nf3 Nf6} 10. Rc1 (10. d4 Bg4 11. Qd2 Rd8 12. d5 Nb8 13. e4 Na6 14. Rfe1 Bxf3 15. Bxf3 Nc7 16. Bg2 Rb8 17. f4 {0-1 (38) Kunin,V (2574)-Noe,C (2487) Neustadt an der Weinstrasse 2018}) 10... Bh3 11. d3 $146 ({White should try} 11. d4 $14) ({Predecessor:} 11. d4 Bxg2 12. Kxg2 b6 13. Qe2 Qb7 14. d5 Ne5 15. Nxe5 dxe5 16. e4 Ne8 {0-1 (55) Tompa,J (2440)-Szieberth,A (2260) Hungary 1994}) 11... Bxg2 $11 12. Kxg2 b6 1/2-1/2

[Event "Schachfestival Open-A 2018"]
[Site "Lueneburg"]
[Date "2018.07.12"]
[Round "8"]
[White "Kardoeus, David"]
[Black "Drozdowski, Konrad"]
[Result "1-0"]
[WhiteElo "2188"]
[BlackElo "2076"]
[Annotator "NA"]
[PlyCount "81"]
[EventDate "2018.07.06"]
[EventType "swiss"]
[EventCountry "GER"]
[SourceTitle "playchess.com"]
[Source "ChessBase"]
[SourceQuality "1"]
[TimeControl "40/5400+30:1800+30"]

1. e4 {[%emt 0:00:40]} c5 {[%emt 0:00:00]} 2. Nf3 {[%emt 0:00:21]} e6 {[%emt 0:00:00]} 3. d4 {[%emt 0:00:08]} cxd4 {[%emt 0:00:00]} 4. Nxd4 {[%emt 0:00:07]} a6 {[%emt 0:00:00]} 5. Bd3 {[%emt 0:01:03]} Ne7 {[%emt 0:00:24]} 6. O-O {[%emt 0:00:39]} Nbc6 {[%emt 0:00:09]} 7. c3 {[%emt 0:02:12]} Nxd4 {[%emt 0:04:20]} 8. cxd4 {[%emt 0:00:16]} d6 {[%emt 0:01:05]} 9. Nc3 {[%emt 0:12:17]} g6 {[%emt 0:05:24]} 10. Be3 {[%emt 0:05:17]} Bg7 {[%emt 0:02:00]} 11. Qd2 {[%emt 0:00:35]} O-O {[%emt 0:01:11]} 12. f4 {[%emt 0:02:14]} f5 {[%emt 0:08:29]} 13. Rac1 {[%emt 0:12:34]} Bd7 {[%emt 0:02:35]} 14. d5 {[%emt 0:01:51]} fxe4 {[%emt 0:07:33]} 15. Bxe4 {[%emt 0:12:56]} e5 {[%emt 0:02:24]} 16. fxe5 {[%emt 0:07:52]} Rxf1+ {[%emt 0:07:08]} 17. Rxf1 {[%emt 0:00:07]} Bxe5 {[%emt 0:00:05]} 18. Bd4 {[%emt 0:12:58]} Bxd4+ {[%emt 0:02:08]} 19. Qxd4 {[%emt 0:00:11]} Nf5 {[%emt 0:07:26]} 20. Bxf5 {[%emt 0:03:44]} Bxf5 {[%emt 0:01:16]} 21. h3 {[%emt 0:09:35]} Qg5 {[%emt 0:03:13]} 22. Kh2 {[%emt 0:01:42]} h5 {[%emt 0:05:26]} 23. Ne4 {[%emt 0:02:50]} Bxe4 {[%emt 0:06:12]} 24. Qxe4 {[%emt 0:00:07]} Qe5+ {[%emt 0:00:16]} 25. Qxe5 {[%emt 0:00:09]} dxe5 {[%emt 0:00:01]} 26. Rf6 {[%emt 0:02:12]} Kg7 {[%emt 0:03:52]} 27. Rb6 {[%emt 0:02:07]} Rd8 {[%emt 0:01:55]} 28. Rxb7+ {[%emt 0:00:30]} Kh6 {[%emt 0:00:16]} 29. Rb6 {[%emt 0:01:49]} Rxd5 {[%emt 0:00:51]} 30. Rxa6 {[%emt 0:00:30]} h4 {[%emt 0:04:53]} 31. Ra4 {[%emt 0:00:32]} Kh5 {[%emt 0:02:43]} 32. Re4 {[%emt 0:00:11]} g5 {[%emt 0:03:10]} 33. b4 {[%emt 0:03:54]} Kg6 {[%emt 0:03:19]} 34. Re2 {[%emt 0:01:13]} Kf5 {[%emt 0:01:12]} 35. Rb2 {[%emt 0:00:17]} e4 {[%emt 0:00:13]} 36. b5 {[%emt 0:00:42]} e3 {[%emt 0:00:29]} 37. b6 {[%emt 0:00:15]} Rd2 {[%emt 0:00:18]} 38. Rb1 {[%emt 0:00:32]} e2 {[%emt 0:00:15]} 39. b7 {[%emt 0:00:57]} Rd8 {[%emt 0:00:25]} 40. Rb5+ {[%emt 0:01:09]} Kf4 {[%emt 0:00:15]} 41. b8=Q+ {[%emt 0:01:38]} 1-0

[Event "Schachfestival Open-A 2018"]
[Site "Lueneburg"]
[Date "2018.07.12"]
[Round "8"]
[White "Herrmann, Andreas"]
[Black "Utiatskaja, Irina"]
[Result "0-1"]
[WhiteElo "2171"]
[BlackElo "2155"]
[Annotator "NA"]
[PlyCount "94"]
[EventDate "2018.07.06"]
[EventType "swiss"]
[EventCountry "GER"]
[SourceTitle "playchess.com"]
[Source "ChessBase"]
[SourceQuality "1"]
[TimeControl "40/5400+30:1800+30"]

1. d4 {[%emt 0:00:00]} d5 {[%emt 0:01:14]} 2. Nf3 {[%emt 0:00:00]} Nf6 {[%emt 0:00:08]} 3. c3 {[%emt 0:00:00]} c5 {[%emt 0:01:48]} 4. Bf4 {[%emt 0:00:00]} Qb6 {[%emt 0:00:39]} 5. Qb3 {[%emt 0:00:07]} Nc6 {[%emt 0:00:20]} 6. e3 {[%emt 0:00:11]} c4 {[%emt 0:00:12]} 7. Qxb6 {[%emt 0:00:25]} axb6 {[%emt 0:00:05]} 8. Nbd2 {[%emt 0:00:07]} b5 {[%emt 0:00:21]} 9. Ne5 {[%emt 0:00:50]} e6 {[%emt 0:12:49]} 10. Be2 {[%emt 0:00:12]} b4 {[%emt 0:00:22]} 11. O-O {[%emt 0:00:24]} Nxe5 {[%emt 0:03:08]} 12. dxe5 {[%emt 0:00:10]} Nd7 {[%emt 0:00:04]} 13. e4 {[%emt 0:00:10]} b5 {[%emt 0:00:27]} 14. exd5 {[%emt 0:00:15]} exd5 {[%emt 0:00:33]} 15. Nf3 {[%emt 0:00:13]} Bc5 {[%emt 0:00:34]} 16. Rfd1 {[%emt 0:00:19]} Bb7 {[%emt 0:00:09]} 17. cxb4 {[%emt 0:00:24]} Bxb4 {[%emt 0:00:30]} 18. Nd4 {[%emt 0:00:06]} Ra5 {[%emt 0:09:02]} 19. e6 {[%emt 0:00:21]} fxe6 {[%emt 0:00:05]} 20. Nxe6 {[%emt 0:00:06]} Kf7 {[%emt 0:00:49]} 21. Bg4 {[%emt 0:01:15]} Nf6 {[%emt 0:04:56]} 22. Ng5+ {[%emt 0:00:56]} Kg6 {[%emt 0:12:06]} 23. Be6 {[%emt 0:03:14]} h6 {[%emt 0:04:56]} 24. Nf7 {[%emt 0:00:31]} Re8 {[%emt 0:05:44]} 25. Ne5+ {[%emt 0:00:28]} Kh7 {[%emt 0:00:13]} 26. Bf5+ {[%emt 0:00:13]} Kg8 {[%emt 0:01:16]} 27. Bg6 {[%emt 0:00:11]} Re7 {[%emt 0:00:10]} 28. a3 {[%emt 0:04:14]} Bc5 {[%emt 0:08:47]} 29. Rac1 {[%emt 0:10:37]} Ra6 {[%emt 0:03:43]} 30. Bf5 {[%emt 0:10:10]} Nh5 {[%emt 0:10:04]} 31. g3 {[%emt 0:03:19]} Nxf4 {[%emt 0:02:00]} 32. gxf4 {[%emt 0:00:07]} Rf6 {[%emt 0:05:32]} 33. Nd7 {[%emt 0:00:10]} Bxf2+ {[%emt 0:01:16]} 34. Kxf2 {[%emt 0:00:26]} Rxf5 {[%emt 0:00:03]} 35. Nc5 {[%emt 0:00:11]} Rxf4+ {[%emt 0:00:35]} 36. Kg3 {[%emt 0:00:21]} Rf5 {[%emt 0:02:36]} 37. Re1 {[%emt 0:01:25]} Rc7 {[%emt 0:05:53]} 38. Re8+ {[%emt 0:01:29]} Kh7 {[%emt 0:00:04]} 39. Ne6 {[%emt 0:00:53]} Rcf7 {[%emt 0:00:04]} 40. h4 {[%emt 0:02:16]} Bc6 {[%emt 0:02:03]} 41. Rd8 {[%emt 0:30:17]} Rf3+ {[%emt 0:33:24]} 42. Kg4 {[%emt 0:00:51]} R3f6 {[%emt 0:01:05]} 43. Re1 {[%emt 0:00:52]} Bd7 {[%emt 0:00:58]} 44. Rxd7 {[%emt 0:00:35]} Rxd7 {[%emt 0:00:06]} 45. h5 {[%emt 0:01:08]} d4 {[%emt 0:00:00]} 46. Nc5 {[%emt 0:00:00]} Rd5 {[%emt 0:00:00]} 47. Ne4 {[%emt 0:00:00]} Rf7 {[%emt 0:00:00]} 0-1